All Finalists in the Asian Champion's League - Statistics

General Stats
  • This quiz has been taken 96 times
  • The average score is 12 of 43
Answer Stats
Answer % Correct
Al-Hilal Riyadh
83%
Al Nassr
68%
Al-Ittihad Jeddah
66%
Al-Ain
60%
FC Seoul
58%
Urawa Red Diamonds
58%
Al-Ahli Dubai
51%
Al-Ahli Jeddah
51%
Gamba Osaka
48%
Persepolis
48%
Kashima Antlers
47%
Guangzhou Evergrande
45%
Al-Sadd SC
44%
Pohang Steelers
40%
Ulsan Hyundai
36%
Yokohama F. Marinos
36%
Western Sydney Wanderers
32%
Al-Shabab
31%
Esteghlal
30%
Adelaide United
22%
Tokyo Verdy
22%
Jeonbuk Motors
21%
Maccabi Tel-Aviv
21%
Hapoel Tel Aviv
19%
Seongnam Ilhwa
19%
Sepahan FC
17%
Zob Ahan Esfahan
16%
Júbilo Iwata
13%
Busan IPark
12%
Suwon Bluewings
12%
Al-Arabi
10%
Thai Farmers Bank FC
10%
Liaoning FC
9%
PAS Tehran
9%
Al Karamah SC
8%
Al-Shorta
8%
Yangzee FC
8%
Police Tero FC
6%
Al-Rasheed
5%
Dalian Shide FC
5%
Oman Club
5%
Selangor FA
5%
JEF Chiba United
4%
No matching quizzes found
Score Distribution
Percent of People with Each Score
Percentile by Number Answered
Your Score History
You have not taken this quiz